[Event "Canarias-chT Honor"]
[Site "Spain"]
[Date "2020.01.18"]
[Round "2.2"]
[White "Perez Guerra, Raul"]
[Black "Rodriguez Perez, Armiche Jose"]
[Result "1-0"]
[WhiteElo "2101"]
[BlackElo "1993"]
[PlyCount "53"]
[EventDate "2020.01.11"]
[EventType "team-tourn"]
[EventRounds "9"]
[EventCountry "ESP"]
[SourceTitle "CBM 195 Extra"]
[Source "ChessBase"]
[SourceDate "2020.05.31"]
[SourceVersion "1"]
[SourceVersionDate "2020.05.31"]
[SourceQuality "1"]
[WhiteTeam "Guia"]
[BlackTeam "Roque Niquiomo"]
[WhiteTeamCountry "ESP"]
[BlackTeamCountry "ESP"]

1. e4 e5 2. Nf3 Nc6 3. Bc4 Nf6 4. d3 Be7 5. 0-0 d6 6. c3 0-0 7. Nbd2 a6 8. Bb3 Be6 9. Bc2 Nh5 10. d4 exd4 11. Nxd4 Nxd4 12. cxd4 Nf6 13. Nf3 Bg4 14. Re1 Bh5 15. Bf4 h6 16. Rc1 Rc8 17. Qd3 g5 18. Bd2 Bg6 19. Qb3 Rb8 20. e5 Bxc2 21. Rxc2 dxe5 22. dxe5 Nd5 23. Nd4 Re8 24. e6 f6 25. Nf5 Kh7 26. Qd3 Nb4 27. Qh3 1-0

[Event "Canarias-chT"]
[Site "San Cristobal de La Laguna"]
[Date "2017.06.24"]
[Round "4.1"]
[White "Cruz Gomez, Isidro"]
[Black "Rodriguez Perez, Armiche Jose"]
[Result "1-0"]
[WhiteElo "2053"]
[BlackElo "2030"]
[PlyCount "57"]
[EventDate "2017.06.22"]
[EventType "team-swiss"]
[EventRounds "6"]
[EventCountry "ESP"]
[SourceTitle "EXT 2024"]
[Source "ChessBase"]
[SourceDate "2023.10.10"]
[SourceVersion "1"]
[SourceVersionDate "2023.10.10"]
[SourceQuality "1"]
[WhiteTeam "Universidad"]
[BlackTeam "Roque Niquiomo"]
[WhiteTeamCountry "ESP"]
[BlackTeamCountry "ESP"]

1. d4 f5 2. Nc3 Nf6 3. Bg5 e6 4. e4 Be7 5. e5 Nd5 6. Bxe7 Qxe7 7. Nxd5 exd5 8. c3 0-0 9. Bd3 c5 10. Ne2 Qg5 11. g3 Nc6 12. f4 Qe7 13. Bb5 cxd4 14. Nxd4 Qc5 15. Bxc6 bxc6 16. 0-0 Ba6 17. Re1 Rab8 18. Qd2 Rfe8 19. Kg2 g6 20. Qf2 Bd3 21. Nb3 Be4+ 22. Kf1 Qb5+ 23. Kg1 Qb6 24. Qxb6 Rxb6 25. Re2 Rbb8 26. Rd2 Rb5 27. Rf1 c5 28. Rff2 Ra8 29. Nc1 1-0

[Event "Canarias-chT"]
[Site "San Cristobal de La Laguna"]
[Date "2017.06.23"]
[Round "3.1"]
[White "Rodriguez Perez, Armiche Jose"]
[Black "Lopez Pereyra, Antonio"]
[Result "0-1"]
[WhiteElo "2030"]
[BlackElo "2079"]
[PlyCount "70"]
[EventDate "2017.06.22"]
[EventType "team-swiss"]
[EventRounds "6"]
[EventCountry "ESP"]
[SourceTitle "EXT 2024"]
[Source "ChessBase"]
[SourceDate "2023.10.10"]
[SourceVersion "1"]
[SourceVersionDate "2023.10.10"]
[SourceQuality "1"]
[WhiteTeam "Roque Niquiomo"]
[BlackTeam "Los Realejos Shah Mat"]
[WhiteTeamCountry "ESP"]
[BlackTeamCountry "ESP"]

1. e4 c5 2. g3 Nc6 3. Bg2 g6 4. Ne2 Bg7 5. 0-0 d6 6. c3 e5 7. d3 Nge7 8. Be3 b6 9. Nd2 0-0 10. f4 exf4 11. gxf4 d5 12. Qc2 f5 13. Rad1 Be6 14. Nf3 h6 15. Ng3 Qc7 16. e5 d4 17. Bc1 Rad8 18. c4 Kh7 19. Bh1 b5 20. b3 bxc4 21. dxc4 a5 22. h4 Rg8 23. Qh2 Bf8 24. Rf2 Kg7 25. Rg2 Kf7 26. h5 Ke8 27. Qh4 Kd7 28. Ne2 Kc8 29. Qf6 Qd7 30. hxg6 Nxg6 31. Qxg6 Rxg6 32. Rxg6 Be7 33. Kf2 Nb4 34. Nexd4 cxd4 35. Nxd4 Bc5 0-1

[Event "La Palma Island op"]
[Site "Santa Cruz de La Palma"]
[Date "2016.08.28"]
[Round "2"]
[White "Rodriguez Perez, Armiche Jose"]
[Black "Del Rio de Angelis, Salvador Gabriel"]
[Result "0-1"]
[WhiteElo "2031"]
[BlackElo "2522"]
[PlyCount "94"]
[EventDate "2016.08.27"]
[EventType "swiss"]
[EventRounds "9"]
[EventCountry "ESP"]
[SourceTitle "CBM 174 Extra"]
[Source "ChessBase"]
[SourceDate "2016.10.10"]
[SourceVersion "1"]
[SourceVersionDate "2016.10.10"]
[SourceQuality "1"]

1. e4 e6 2. d4 d5 3. exd5 exd5 4. c4 Nf6 5. Nc3 Bb4 6. a3 Bxc3+ 7. bxc3 0-0 8. Be2 Ne4 9. Qd3 Bf5 10. Qf3 Bg6 11. Nh3 c5 12. Nf4 cxd4 13. Nxd5 Nc6 14. 0-0 dxc3 15. Be3 Re8 16. Qf4 Re5 17. h4 Nd6 18. Nxc3 Qa5 19. Nd5 Rd8 20. Bd2 Qa4 21. Nc3 Qb3 22. h5 Bxh5 23. Bd3 Qb6 24. Nd5 Qd4 25. Qg3 Qg4 26. Qxg4 Bxg4 27. Bf4 Ree8 28. Rfe1 Rxe1+ 29. Rxe1 Be6 30. Rb1 b6 31. Rd1 Nb7 32. Be4 Nc5 33. Ne7+ Kf8 34. Rxd8+ Nxd8 35. Nc6 Nxe4 36. Nxd8 Bxc4 37. Nc6 Bb5 38. Nd4 Bd7 39. f3 Nc3 40. Bb8 a5 41. Bc7 Nd5 42. Bd6+ Ke8 43. Kf2 Bc8 44. Ke2 Kd7 45. Bg3 Ba6+ 46. Kd2 Bf1 47. Nf5 g6 0-1

[Event "El Sauzal op 5th"]
[Site "El Sauzal"]
[Date "2004.11.06"]
[Round "5"]
[White "Krivoshey, Sergei"]
[Black "Rodriguez Perez, Armiche Jose"]
[Result "1-0"]
[WhiteElo "2499"]
[BlackElo "2214"]
[PlyCount "53"]
[EventDate "2004.11.06"]
[EventType "swiss (rapid)"]
[EventRounds "9"]
[EventCountry "ESP"]
[SourceTitle "CBM 103 Extra"]
[Source "ChessBase"]
[SourceDate "2005.01.01"]
[SourceVersion "1"]
[SourceVersionDate "2005.01.01"]
[SourceQuality "1"]

1. Nf3 d5 2. d4 Nf6 3. c4 c6 4. e3 g6 5. Nc3 Bg7 6. Qb3 0-0 7. Bd2 Re8 8. Rc1 Nbd7 9. cxd5 cxd5 10. Nxd5 Nxd5 11. Qxd5 e5 12. dxe5 Nxe5 13. Qxd8 Nxf3+ 14. gxf3 Rxd8 15. b3 Be6 16. Bc4 Bd7 17. Ke2 Bc6 18. Rhd1 b5 19. Bxf7+ Kxf7 20. Rxc6 Rd7 21. Ba5 Rxd1 22. Kxd1 Re8 23. Rc7+ Re7 24. Rxe7+ Kxe7 25. Bc7 Ke6 26. Kd2 Bf6 27. f4 1-0